Сталин и "Краткий курс истории ВКП(б)"; Статья первая; Высшее образование сегодня; № 8

Bibliographic Details
Parent link:Высшее образование сегодня: научно-практический журнал.— , 2001-.— 1726-667X
№ 8.— 2003.— С. 48-54
Main Author: Медведев Р. Рой
Summary:Высшее образование в документах: Журнал в журнале
Language:Russian
Published: 2003
Series:Школа истории
Subjects:
Format: Book Chapter
KOHA link:https://koha.lib.tpu.ru/cgi-bin/koha/opac-detail.pl?biblionumber=389760

MARC

LEADER 00000naa2a2200000 4500
001 389760
005 20231101063914.0
035 |a (RuTPU)RU\TPU\prd\22267 
090 |a 389760 
100 |a 20040204a2003 k y0rusy50 ca 
101 0 |a rus 
102 |a RU 
200 1 |a Сталин и "Краткий курс истории ВКП(б)"  |a Статья первая  |f Р. Медведев 
225 1 |a Школа истории 
300 |a Высшее образование в документах: Журнал в журнале 
320 |a Библиогр.: 10 назв. 
461 1 |0 (RuTPU)RU\TPU\prd\1307  |x 1726-667X  |t Высшее образование сегодня  |o научно-практический журнал  |d 2001- 
463 1 |0 (RuTPU)RU\TPU\prd\21711  |t № 8  |v С. 48-54  |d 2003 
610 1 |a сталинизм 
610 1 |a "библия коммунизма" 
610 1 |a марксизм-ленинизм 
700 1 |a Медведев  |b Р.  |g Рой 
801 1 |a RU  |b 63413507  |c 20040204  |g PSBO 
801 2 |a RU  |b 63413507  |c 20140729  |g RCR 
942 |c BK